Sports Quiz

Random Sports or Soccer Quiz

Soccer Players Mapped Out III Quiz Stats

 Plays Quiz Updated Jul 20, 2018

Challenge
Share
Tweet
Score 0/20 Timer 10:00
6 Plays Today
% Correct
Luis Suárez
90.3%
Mesut Özil
90.2%
Edin Džeko
70.6%
Ronaldo
70.4%
Peter Schmeichel
59.2%
Franck Ribéry
57.9%
Carlos Tevez
55.6%
Samuel Eto'o
54.2%
Franz Beckenbauer
54%
Carles Puyol
53.3%
% Correct
Kevin De Bruyne
51.3%
Ricardo Carvalho
48.8%
Patrick Vieira
43.9%
Sami Hyypiä
38.5%
Ruud Gullit
34.7%
Clarence Seedorf
33.2%
Gennaro Gattuso
32.8%
Michael Bradley
24.8%
Gaizka Mendieta
23.3%
Geoff Hurst
20.7%

You're not logged in!

Compare scores with friends on all Sporcle quizzes.
Join for Free
OR
Log In

You Might Also Like...

Show Comments

Extras

Top Quizzes Today


Score Distribution

Your Account Isn't Verified!

In order to create a playlist on Sporcle, you need to verify the email address you used during registration. Go to your Sporcle Settings to finish the process.

Report this User

Report this user for behavior that violates our Community Guidelines.

Details: